[Event "La Roda op 51st"]
[Site "La Roda"]
[Date "2025.04.19"]
[Round "8"]
[White "Gonzalez Castillo, Jose Javier"]
[Black "Abdsattar, Alisher"]
[Result "1-0"]
[WhiteElo "2297"]
[BlackElo "2126"]
[PlyCount "67"]
[EventDate "2025.04.15"]
[EventType "swiss"]
[EventRounds "9"]
[EventCountry "ESP"]
[SourceTitle "CB17_2025"]
[SourceDate "2025.04.23"]
[SourceVersion "1"]
[SourceVersionDate "2025.04.23"]
[SourceQuality "1"]

1. e4 e5 2. Nf3 Nc6 3. Bc4 Nf6 4. d3 Bc5 5. c3 d6 6. 0-0 a5 7. Nbd2 0-0 8. h3 h6 9. Re1 Be6 10. Bb5 Qb8 11. Bxc6 bxc6 12. d4 exd4 13. cxd4 Bb6 14. a4 Qa7 15. Nb1 d5 16. e5 Nd7 17. Nc3 f6 18. exf6 Rxf6 19. Be3 Bf7 20. Nh2 Re8 21. Qd2 Rfe6 22. Rec1 Bh5 23. Nf1 Nb8 24. Ng3 Bg6 25. Nce2 Bh7 26. Ra3 Na6 27. Nf4 Rd6 28. Nfh5 Re7 29. Bf4 Rg6 30. Re1 Rge6 31. Rxe6 Rxe6 32. Be5 Rxe5 33. dxe5 Qa8 34. Nxg7 1-0

[Event "La Roda op 51st"]
[Site "La Roda"]
[Date "2025.04.16"]
[Round "2"]
[White "Gonzalez Castillo, Jose Javier"]
[Black "Del Rosario Silva, Dexnisi"]
[Result "1-0"]
[WhiteElo "2297"]
[BlackElo "2013"]
[PlyCount "121"]
[EventDate "2025.04.15"]
[EventType "swiss"]
[EventRounds "9"]
[EventCountry "ESP"]
[SourceTitle "CB17_2025"]
[SourceDate "2025.04.23"]
[SourceVersion "1"]
[SourceVersionDate "2025.04.23"]
[SourceQuality "1"]

1. e4 e6 2. d4 d5 3. Nc3 dxe4 4. Nxe4 Nd7 5. Nf3 Ngf6 6. Nxf6+ Nxf6 7. Bd3 c5 8. Be3 Qc7 9. Qe2 a6 10. 0-0 Bd6 11. Rad1 0-0 12. Rfe1 Bd7 13. c3 Bc6 14. h3 Bxf3 15. Qxf3 c4 16. Bc2 Rad8 17. Bg5 Be7 18. Bf4 Qb6 19. b3 cxb3 20. axb3 Nd5 21. Qd3 g6 22. Bh6 Rfe8 23. Qf3 Bf8 24. Bxf8 Rxf8 25. h4 h5 26. Re5 Qc7 27. Rg5 Kg7 28. Qxh5 Rh8 29. Qg4 Qf4 30. c4 Qxg4 31. Rxg4 Nf6 32. Rf4 Rh5 33. Rd3 Rd7 34. g3 Ra5 35. Rff3 Ra2 36. Bd1 Ne4 37. Kg2 Rb2 38. Rf4 f5 39. Rff3 Kf6 40. g4 Rh7 41. Rde3 Nd2 42. Rh3 Ne4 43. Re2 fxg4 44. Rhe3 Rxe2 45. Bxe2 Nd6 46. Bxg4 Nf5 47. Bxf5 gxf5 48. Rh3 Rd7 49. Rd3 Rg7+ 50. Kh3 Rg1 51. d5 exd5 52. cxd5 Rg7 53. d6 Rd7 54. Kg3 a5 55. Kf4 Ke6 56. h5 b5 57. h6 a4 58. bxa4 bxa4 59. Kg5 Kf7 60. Kxf5 a3 61. h7 1-0

[Event "Titled Tuesday intern op 04th Feb Late"]
[Site "Chess.com INT"]
[Date "2025.02.04"]
[Round "1"]
[White "Alvarado, Carlos"]
[Black "Gonzalez Castillo, Jose Javier"]
[Result "0-1"]
[WhiteElo "2032"]
[BlackElo "2247"]
[PlyCount "106"]
[EventDate "2025.02.04"]
[EventType "swiss (blitz)"]
[EventRounds "11"]
[EventCountry "USA"]
[SourceTitle "CB07_2025"]
[SourceDate "2025.02.12"]
[SourceVersion "1"]
[SourceVersionDate "2025.02.12"]
[SourceQuality "1"]

1. d4 g6 2. Nf3 Bg7 3. Bg5 d6 4. c3 Nd7 5. Nbd2 Ngf6 6. e4 e5 7. dxe5 Nxe5 8. Nxe5 dxe5 9. Be2 0-0 10. 0-0 c6 11. Re1 Qc7 12. Bxf6 Bxf6 13. Bg4 Rd8 14. Bxc8 Raxc8 15. Qe2 b5 16. a4 a6 17. g3 h5 18. h4 Kg7 19. Nf3 Be7 20. Kg2 Bc5 21. axb5 axb5 22. Red1 f6 23. Rxd8 Rxd8 24. Rd1 Kf7 25. Rxd8 Qxd8 26. Qd2 Qxd2 27. Nxd2 Ke6 28. Kf1 g5 29. Ke2 gxh4 30. gxh4 Bf8 31. Nf3 Bh6 32. Ne1 Bf8 33. b3 Be7 34. Nd3 f5 35. f4 fxe4 36. Nxe5 Bxh4 37. Nxc6 Bf6 38. Ke3 Kf5 39. Na7 h4 40. Nxb5 h3 41. Nd6+ Kg4 42. Nxe4 h2 43. Nf2+ Kg3 44. c4 Bd4+ 45. Kxd4 Kxf2 46. f5 h1Q 47. Ke5 Ke3 48. f6 Qe4+ 49. Kd6 Qf5 50. c5 Qxf6+ 51. Kc7 Kd4 52. c6 Kd5 53. Kb8 Qxc6 0-1

[Event "Titled Tuesday intern op 21st Jan Late"]
[Site "Chess.com INT"]
[Date "2025.01.21"]
[Round "5"]
[White "Gonzalez Castillo, Jose Javier"]
[Black "Huseynova, Lala"]
[Result "1-0"]
[WhiteElo "2217"]
[BlackElo "1972"]
[PlyCount "55"]
[EventDate "2025.01.21"]
[EventType "swiss (blitz)"]
[EventRounds "11"]
[EventCountry "USA"]
[SourceTitle "CB05_2025"]
[SourceDate "2025.01.29"]
[SourceVersion "1"]
[SourceVersionDate "2025.01.29"]
[SourceQuality "1"]

1. d4 d5 2. Nc3 Nf6 3. Bf4 c6 4. e3 Bf5 5. Nf3 e6 6. Ne5 Nbd7 7. g4 Bg6 8. h4 h5 9. Nxg6 fxg6 10. g5 Ng8 11. Qd3 Ne7 12. 0-0-0 Qa5 13. f3 0-0-0 14. Bh3 Nf5 15. e4 dxe4 16. fxe4 e5 17. dxe5 Bb4 18. exf5 Nxe5 19. fxg6+ Kb8 20. Qf5 Bxc3 21. bxc3 Qxa2 22. Qxe5+ Ka8 23. c4 Qa3+ 24. Qb2 Qc5 25. Kb1 Rhe8 26. Rhe1 Rxe1 27. Rxe1 Qf2 28. Qe5 1-0

[Event "Titled Tuesday intern op 21st Jan Late"]
[Site "Chess.com INT"]
[Date "2025.01.21"]
[Round "6"]
[White "Gonzalez Castillo, Jose Javier"]
[Black "Kiselev, Vitaliy1"]
[Result "0-1"]
[WhiteElo "2217"]
[BlackElo "2504"]
[PlyCount "66"]
[EventDate "2025.01.21"]
[EventType "swiss (blitz)"]
[EventRounds "11"]
[EventCountry "USA"]
[SourceTitle "CB05_2025"]
[SourceDate "2025.01.29"]
[SourceVersion "1"]
[SourceVersionDate "2025.01.29"]
[SourceQuality "1"]

1. d4 Nf6 2. Nc3 d5 3. Bf4 a6 4. e3 c5 5. Nf3 Nc6 6. Ne5 Bf5 7. Bd3 Bxd3 8. Qxd3 cxd4 9. exd4 Rc8 10. 0-0 e6 11. Rfe1 Bb4 12. Re3 Bxc3 13. bxc3 Ne4 14. c4 Nxe5 15. Bxe5 0-0 16. cxd5 exd5 17. c4 f6 18. Bf4 g5 19. cxd5 Nc3 20. Rh3 Rf7 21. Bd2 Nxd5 22. Re1 Qd7 23. Qe4 Re7 24. Qd3 Rxe1+ 25. Bxe1 Rc1 26. Kf1 Qe7 27. Qd2 Ra1 28. Rb3 b5 29. Rb2 Qe4 30. Rc2 Nf4 31. Rc8+ Kf7 32. Rc1 Rxc1 33. Qxc1 Qd3+ 0-1

[Event "Roquetas de Mar op 36th"]
[Site "Roquetas de Mar"]
[Date "2025.01.07"]
[Round "9"]
[White "Gonzalez Castillo, Jose Javier"]
[Black "Atienza Alvarez, Javier"]
[Result "1-0"]
[WhiteElo "2217"]
[BlackElo "2110"]
[PlyCount "107"]
[EventDate "2025.01.02"]
[EventType "swiss"]
[EventRounds "9"]
[EventCountry "ESP"]
[SourceTitle "CB02_2025"]
[SourceDate "2025.01.08"]
[SourceVersion "1"]
[SourceVersionDate "2025.01.08"]
[SourceQuality "1"]

1. h3 d5 2. d3 Nf6 3. Nd2 c5 4. Ngf3 Nc6 5. e4 e5 6. g3 Bd6 7. Bg2 0-0 8. 0-0 d4 9. a4 a6 10. Nh4 Re8 11. Nf5 Bf8 12. Nc4 Rb8 13. f4 Bxf5 14. exf5 e4 15. dxe4 Nxe4 16. Kh2 Nb4 17. Ne5 f6 18. Bxe4 fxe5 19. Qf3 Bd6 20. c3 Nc6 21. Bd5+ Kh8 22. Bf7 e4 23. Qh5 Rf8 24. Bg6 h6 25. f6 e3 26. fxg7+ Kxg7 27. b4 Qf6 28. Be4 Qf7 29. Qg4+ Kh8 30. Bb2 Rg8 31. Qf3 Qg7 32. Rad1 e2 33. Qxe2 Qxg3+ 34. Kh1 Qxh3+ 35. Qh2 Qxh2+ 36. Kxh2 Rbe8 37. cxd4 Rxe4 38. dxc5+ Kh7 39. cxd6 Re2+ 40. Kh3 Rxb2 41. d7 Rxb4 42. Rfe1 Rxf4 43. Re6 Rf3+ 44. Kh4 Rf4+ 45. Kh3 Rxa4 46. Rdd6 Ra3+ 47. Kh2 Ra2+ 48. Kh3 h5 49. Rh6+ Kg7 50. Rhg6+ Kf7 51. Rxg8 Kxg8 52. Rxc6 bxc6 53. d8Q+ Kg7 54. Qe7+ 1-0

[Event "Alcorcon Diagonal-B 3rd"]
[Site "Alcorcon"]
[Date "2024.12.27"]
[Round "4"]
[White "Gonzalez Castillo, Jose Javier"]
[Black "Lianes Garcia, Marcos"]
[Result "1-0"]
[WhiteElo "2182"]
[BlackElo "2389"]
[PlyCount "143"]
[EventDate "2024.12.26"]
[EventType "tourn"]
[EventRounds "9"]
[EventCountry "ESP"]
[EventCategory "1"]
[SourceTitle "CB01_2025"]
[SourceDate "2025.01.01"]
[SourceVersion "1"]
[SourceVersionDate "2025.01.01"]
[SourceQuality "1"]

1. e4 d6 2. d4 Nf6 3. Nc3 g6 4. Be3 Bg7 5. Qd2 c6 6. Bh6 Bxh6 7. Qxh6 Qa5 8. Bd3 Nbd7 9. Nf3 b5 10. 0-0 b4 11. Ne2 Ba6 12. Bxa6 Qxa6 13. Ng3 Qc4 14. e5 dxe5 15. dxe5 Ng4 16. Qd2 Ndxe5 17. Nxe5 Nxe5 18. Rae1 f6 19. f4 Qc5+ 20. Kh1 Nc4 21. Qe2 0-0 22. Qxe7 Qxe7 23. Rxe7 f5 24. h4 Rf7 25. Re6 Rc8 26. h5 Kg7 27. Rd1 Nxb2 28. Rdd6 gxh5 29. Nxh5+ Kf8 30. Rxc6 Rxc6 31. Rxc6 Nd1 32. Rc8+ Ke7 33. Rc7+ Kf8 34. Rc8+ Ke7 35. Rc7+ Ke6 36. Ng7+ Kf6 37. Ne8+ Ke6 38. Ng7+ Kf6 39. Ne8+ Ke6 40. Ng7+ Kf6 41. Ne8+ Kg6 42. Rc6+ Kh5 43. Nf6+ Kh4 44. Kh2 Rg7 45. Ne8 Re7 46. Nf6 Rg7 47. Ne8 Rg3 48. Rh6+ Kg4 49. Nf6+ Kxf4 50. Rh4+ Rg4 51. Nxg4 fxg4 52. g3+ Kf3 53. Rxh7 a5 54. Rf7+ Ke2 55. Ra7 Ne3 56. Kg1 Nc4 57. Rc7 Ne3 58. Rc5 a4 59. c3 b3 60. axb3 axb3 61. Rb5 Kf3 62. Rxb3 Nc4 63. Rb4 Ne5 64. c4 Kxg3 65. c5 Kh3 66. Rb6 g3 67. Rf6 Ng4 68. Rf5 Ne3 69. Rh5+ Kg4 70. Re5 Nf5 71. c6 Nd6 72. c7 1-0

[Event "Alcorcon Diagonal-B 3rd"]
[Site "Alcorcon"]
[Date "2024.12.26"]
[Round "1"]
[White "Gonzalez Castillo, Jose Javier"]
[Black "Ravi, Teja Sanka"]
[Result "0-1"]
[WhiteElo "2182"]
[BlackElo "2404"]
[PlyCount "72"]
[EventDate "2024.12.26"]
[EventType "tourn"]
[EventRounds "9"]
[EventCountry "ESP"]
[EventCategory "1"]
[SourceTitle "CB01_2025"]
[SourceDate "2025.01.01"]
[SourceVersion "1"]
[SourceVersionDate "2025.01.01"]
[SourceQuality "1"]

1. e4 c6 2. d4 d5 3. f3 dxe4 4. fxe4 e5 5. Nf3 Bg4 6. c3 Nd7 7. Bd3 Ngf6 8. 0-0 Bd6 9. Na3 0-0 10. Nc4 Bc7 11. Bg5 h6 12. Bh4 Qe8 13. Qc2 b5 14. Ne3 Bh5 15. Nf5 Bg6 16. Nxe5 Bxf5 17. exf5 Nxe5 18. dxe5 Qxe5 19. Bg3 Qc5+ 20. Bf2 Qd6 21. Bg3 Qd7 22. Bxc7 Qxc7 23. Qf2 Rad8 24. Qf3 Rd6 25. Rad1 Rfd8 26. Bc2 Rd2 27. Bb3 c5 28. c4 Qe5 29. Kh1 Rxd1 30. Bxd1 bxc4 31. Be2 Ne4 32. Qe3 Rd2 33. Kg1 Qxb2 34. Bf3 Qd4 35. Re1 Nd6 36. Kf1 Nxf5 0-1

[Event "Titled Tuesday intern op 26th Nov Late"]
[Site "Chess.com INT"]
[Date "2024.11.26"]
[Round "6"]
[White "Gonzalez Castillo, Jose Javier"]
[Black "Arabidze, Meri"]
[Result "1-0"]
[WhiteElo "2182"]
[BlackElo "2457"]
[PlyCount "119"]
[EventDate "2024.11.26"]
[EventType "swiss (blitz)"]
[EventRounds "11"]
[EventCountry "USA"]
[SourceTitle "CB49_2024"]
[SourceDate "2024.12.04"]
[SourceVersion "1"]
[SourceVersionDate "2024.12.04"]
[SourceQuality "1"]

1. e4 e5 2. Nf3 Nc6 3. Be2 Nf6 4. d3 g6 5. 0-0 Bg7 6. c4 d6 7. Nc3 0-0 8. d4 exd4 9. Nxd4 Nxe4 10. Nxc6 Nxc3 11. Nxd8 Nxd1 12. Nxf7 Nxb2 13. Ng5 Na4 14. Rb1 Nc3 15. Rb2 h6 16. Nf3 Bg4 17. Bd3 b6 18. Bxg6 Bxf3 19. gxf3 Rxf3 20. Rc2 Raf8 21. Be3 R3f6 22. Bd3 Na4 23. Kg2 Kf7 24. Be4 Nc5 25. Bxc5 dxc5 26. Bd5+ Kg6 27. f3 Kg5 28. Re2 c6 29. Re5+ Rf5 30. Rxf5+ Kxf5 31. Bxc6 Bd4 32. Re1 Rg8+ 33. Kh3 Rf8 34. Re7 a5 35. Be4+ Kf4 36. Re6 Rf6 37. Re8 a4 38. Ra8 Ke3 39. Rxa4 Kf2 40. Kg4 Rf8 41. h4 Rg8+ 42. Kh5 Be3 43. Ra6 Rb8 44. a4 Kg3 45. Ra7 Kh3 46. Rg7 Rf8 47. Rg6 Bf2 48. Rxb6 Bxh4 49. Kxh6 Bf2 50. Kg7 Rd8 51. Kf6 Bd4+ 52. Ke6 Rh8 53. Kd5 Rh5+ 54. Kc6 Rh6+ 55. Kb5 Rh8 56. a5 Ra8 57. a6 Ra7 58. Rb7 Ra8 59. Rh7+ Kg3 60. Bxa8 1-0

[Event "Titled Tuesday intern op 26th Nov Late"]
[Site "Chess.com INT"]
[Date "2024.11.26"]
[Round "1"]
[White "Gonzalez Castillo, Jose Javier"]
[Black "Maksimovic, Bojan"]
[Result "1-0"]
[WhiteElo "2182"]
[BlackElo "2504"]
[PlyCount "79"]
[EventDate "2024.11.26"]
[EventType "swiss (blitz)"]
[EventRounds "11"]
[EventCountry "USA"]
[SourceTitle "CB49_2024"]
[SourceDate "2024.12.04"]
[SourceVersion "1"]
[SourceVersionDate "2024.12.04"]
[SourceQuality "1"]

1. e4 a6 2. d4 e6 3. Nc3 d5 4. Nf3 Nf6 5. e5 Nfd7 6. Bd3 c5 7. dxc5 Bxc5 8. Bf4 Nc6 9. Qe2 f6 10. exf6 Qxf6 11. Nxd5 Qxb2 12. Nc7+ Kf8 13. Nxe6+ Kg8 14. 0-0 Be7 15. Bc4 Nb6 16. Nc7+ Nxc4 17. Qxc4+ Kf8 18. Nxa8 Qb4 19. Qxb4 Bxb4 20. Nb6 Bf5 21. Nd5 Ba3 22. Ne3 Be4 23. Ne5 Nd4 24. Rfe1 Bb4 25. Rad1 Ne6 26. Rf1 h5 27. N3c4 h4 28. f3 Bxc2 29. Rd7 b5 30. Ne3 Bc5 31. Kh1 Bh7 32. Nd5 Bf5 33. Rf7+ Ke8 34. Rxf5 Nd4 35. Rg5 Ne2 36. Rxg7 Ng3+ 37. Bxg3 hxg3 38. h3 Rh5 39. Nf6+ Kf8 40. Nxh5 1-0

[Event "Titled Tuesday intern op 24th Sep Late"]
[Site "Chess.com INT"]
[Date "2024.09.24"]
[Round "4"]
[White "Sjugirov, Sanan"]
[Black "Gonzalez Castillo, Jose Javier"]
[Result "1-0"]
[WhiteElo "2644"]
[BlackElo "2274"]
[PlyCount "91"]
[EventDate "2024.09.24"]
[EventType "swiss (blitz)"]
[EventRounds "11"]
[EventCountry "USA"]
[SourceTitle "EXT 2025"]
[Source "ChessBase"]
[SourceDate "2024.10.14"]
[SourceVersion "1"]
[SourceVersionDate "2024.10.14"]
[SourceQuality "1"]

1. d4 g6 2. e4 Bg7 3. Nc3 c6 4. f4 d5 5. e5 f6 6. Nf3 Bg4 7. h3 Bxf3 8. Qxf3 Nh6 9. Be3 0-0 10. exf6 exf6 11. g4 f5 12. 0-0-0 a5 13. g5 Nf7 14. h4 a4 15. a3 Nd6 16. h5 Nd7 17. Bd3 Nb6 18. Rde1 Nbc4 19. Bf2 Qb6 20. Nd1 Rfe8 21. Re5 Ne4 22. Bxe4 dxe4 23. Qe2 Nxe5 24. fxe5 Qa6 25. Qe3 Rad8 26. Nc3 b5 27. Ne2 b4 28. axb4 Qc4 29. Nf4 Qa2 30. Qa3 Qc4 31. hxg6 hxg6 32. Qc3 Qa2 33. Qa3 Qc4 34. Nxg6 Qe2 35. Qe3 Qc4 36. Nf4 Qa2 37. Qa3 Qc4 38. g6 Rb8 39. c3 c5 40. dxc5 Bxe5 41. Be3 Rbd8 42. Qxa4 Ra8 43. Qd7 Ra1+ 44. Kc2 Rxh1 45. Qxe8+ Kg7 46. Qxe5+ 1-0

[Event "Titled Tuesday intern op 17th Sep Late"]
[Site "Chess,com INT"]
[Date "2024.09.17"]
[Round "3"]
[White "Garbuz, Vitaliy"]
[Black "Gonzalez Castillo, Jose Javier"]
[Result "0-1"]
[WhiteElo "2199"]
[BlackElo "2274"]
[PlyCount "116"]
[EventDate "2024.09.17"]
[EventType "swiss (blitz)"]
[EventRounds "11"]
[EventCountry "USA"]
[SourceTitle "EXT 2025"]
[Source "ChessBase"]
[SourceDate "2024.10.14"]
[SourceVersion "1"]
[SourceVersionDate "2024.10.14"]
[SourceQuality "1"]

1. e4 g6 2. d4 Bg7 3. Nc3 c6 4. Nf3 d5 5. h3 dxe4 6. Nxe4 Nf6 7. Nxf6+ exf6 8. Bc4 0-0 9. 0-0 a5 10. a4 Na6 11. c3 Nc7 12. Bf4 Nd5 13. Bh2 Be6 14. Qb3 Qd7 15. Nd2 f5 16. Nf3 f6 17. Rfe1 Rfe8 18. Re2 Bf7 19. Rae1 Rxe2 20. Rxe2 Bf8 21. Ne1 f4 22. Nd3 f3 23. Re4 fxg2 24. Kxg2 b5 25. axb5 a4 26. bxc6 Qxc6 27. Qb5 Ne3+ 28. fxe3 Qxe4+ 29. Kf2 Re8 30. Bf4 g5 31. Bxf7+ Kxf7 32. Bxg5 fxg5 33. Ne5+ Rxe5 34. dxe5 Be7 35. c4 Qc2+ 36. Kg3 Qb3 37. Qd5+ Kg7 38. Qd4 Qb8 39. Kg4 Qc8+ 40. e6+ Bf6 41. Qd7+ Qxd7 42. exd7 Kf7 43. c5 Ke7 44. c6 Kd6 45. Kf5 Bd8 46. e4 Kxc6 47. Ke6 h5 48. e5 g4 49. hxg4 hxg4 50. Kf7 Kxd7 51. e6+ Kd6 52. Ke8 Be7 53. Kf7 g3 54. b3 axb3 55. Kg6 g2 56. Kh5 b2 57. Kh6 g1Q 58. Kh5 b1Q 0-1

[Event "Titled Tuesday intern op 17th Sep Early"]
[Site "Chess,com INT"]
[Date "2024.09.17"]
[Round "2"]
[White "Gonzalez Castillo, Jose Javier"]
[Black "Ilinca Ilinca, Felix Antonio"]
[Result "0-1"]
[WhiteElo "2274"]
[BlackElo "2417"]
[PlyCount "78"]
[EventDate "2024.09.17"]
[EventType "swiss (blitz)"]
[EventRounds "11"]
[EventCountry "USA"]
[SourceTitle "EXT 2025"]
[Source "ChessBase"]
[SourceDate "2024.10.14"]
[SourceVersion "1"]
[SourceVersionDate "2024.10.14"]
[SourceQuality "1"]

1. e4 g6 2. d4 Bg7 3. Nc3 c6 4. f4 Qb6 5. Nf3 d5 6. e5 Bg4 7. Be2 e6 8. h3 Bxf3 9. Bxf3 h5 10. 0-0 Ne7 11. Ne2 h4 12. c3 Nd7 13. Qc2 Nf5 14. Bg4 a5 15. a4 Rc8 16. Bxf5 exf5 17. Be3 Nf8 18. Bf2 Ne6 19. Qd2 Bf8 20. Kh1 Be7 21. Ng1 Kf8 22. Nf3 Kg7 23. Rfb1 Qb3 24. Be3 b5 25. axb5 Qxb5 26. Ra2 Ra8 27. Rba1 Bd8 28. b4 Bb6 29. bxa5 Rxa5 30. Rxa5 Bxa5 31. Ng5 Nxg5 32. fxg5 Rb8 33. Kh2 Rb7 34. Bf4 Bc7 35. Qe3 Qb2 36. Qe1 Qc2 37. Qxh4 Bb8 38. Qg3 Rb2 39. Qf3 Rb3 0-1

[Event "Titled Tuesday intern op 03rd Sep Late"]
[Site "Chess.com INT"]
[Date "2024.09.03"]
[Round "2"]
[White "Gonzalez Castillo, Jose Javier"]
[Black "Harshavardhan, GB."]
[Result "0-1"]
[WhiteElo "2274"]
[BlackElo "2405"]
[PlyCount "112"]
[EventDate "2024.09.03"]
[EventType "swiss (blitz)"]
[EventRounds "11"]
[EventCountry "USA"]
[SourceTitle "EXT 2025"]
[Source "ChessBase"]
[SourceDate "2024.10.14"]
[SourceVersion "1"]
[SourceVersionDate "2024.10.14"]
[SourceQuality "1"]

1. e4 e5 2. Nf3 Nc6 3. d3 d5 4. exd5 Qxd5 5. Be2 Nf6 6. 0-0 Bc5 7. Nc3 Qd8 8. Bg5 h6 9. Bxf6 Qxf6 10. Ne4 Qe7 11. Nxc5 Qxc5 12. c3 0-0 13. Re1 Bf5 14. Qb3 b6 15. Rad1 Rad8 16. h3 a5 17. Nd2 Be6 18. Qc2 Nd4 19. Qb1 Nxe2+ 20. Rxe2 Qd5 21. Nc4 f6 22. b3 Bf5 23. Red2 Qe6 24. Qc1 Rd7 25. Ne3 Bh7 26. d4 e4 27. d5 Qe7 28. Rd4 f5 29. Nf1 f4 30. Re1 Qf6 31. Nh2 h5 32. Qd1 Qg5 33. c4 f3 34. g3 h4 35. g4 Bf5 36. Qc1 Qg6 37. Qe3 Rfd8 38. Kh1 Rf7 39. Rg1 Bc8 40. Qxe4 Qxe4 41. Rxe4 Bb7 42. Rge1 c6 43. Re8+ Rxe8 44. Rxe8+ Kh7 45. d6 Rd7 46. Nxf3 c5 47. Kg2 Rxd6 48. Re3 Rf6 49. g5 Rf4 50. Rd3 Be4 51. Re3 Kg6 52. Rxe4 Rxe4 53. Nd2 Re2 54. Nf3 Rxa2 55. Nxh4+ Kxg5 56. Nf3+ Kf4 0-1

[Event "Titled Tuesday intern op 03rd Sep Late"]
[Site "Chess.com INT"]
[Date "2024.09.03"]
[Round "9"]
[White "Gonzalez Castillo, Jose Javier"]
[Black "Kappeler, Kaspar"]
[Result "1-0"]
[WhiteElo "2274"]
[BlackElo "2113"]
[PlyCount "81"]
[EventDate "2024.09.03"]
[EventType "swiss (blitz)"]
[EventRounds "11"]
[EventCountry "USA"]
[SourceTitle "EXT 2025"]
[Source "ChessBase"]
[SourceDate "2024.10.14"]
[SourceVersion "1"]
[SourceVersionDate "2024.10.14"]
[SourceQuality "1"]

1. c4 Nf6 2. Nf3 g6 3. g3 Bg7 4. Bg2 0-0 5. 0-0 d6 6. b3 a5 7. Nc3 c6 8. Bb2 Na6 9. a3 e5 10. d4 e4 11. Nd2 d5 12. Re1 Re8 13. Nf1 Be6 14. Ne3 Nc7 15. Na4 Nd7 16. Rc1 b5 17. cxb5 cxb5 18. Nc5 Nxc5 19. Rxc5 Bf8 20. Rc6 Qd7 21. Qc2 Ra6 22. Rxc7 Qd6 23. Rc1 h5 24. Rc6 Rxc6 25. Qxc6 Qd8 26. Qxb5 Bh6 27. Rc5 Bxe3 28. fxe3 Rf8 29. h4 g5 30. Bxe4 gxh4 31. Bxd5 Qg5 32. Bf3 Qxg3+ 33. Bg2 f6 34. Qc6 Qe1+ 35. Bf1 Bh3 36. Qf3 Bg4 37. Qf2 Qb1 38. Bc3 Qxb3 39. Qg2 Qxa3 40. Rxh5 f5 41. Rxf5 1-0

[Event "Titled Tuesday intern op 03rd Sep Early"]
[Site "Chess.com INT"]
[Date "2024.09.03"]
[Round "1"]
[White "Svane, Frederik"]
[Black "Gonzalez Castillo, Jose Javier"]
[Result "1-0"]
[WhiteElo "2640"]
[BlackElo "2274"]
[PlyCount "129"]
[EventDate "2024.09.03"]
[EventType "swiss (blitz)"]
[EventRounds "11"]
[EventCountry "USA"]
[SourceTitle "EXT 2025"]
[Source "ChessBase"]
[SourceDate "2024.10.14"]
[SourceVersion "1"]
[SourceVersionDate "2024.10.14"]
[SourceQuality "1"]

1. e4 g6 2. d4 Bg7 3. Nf3 c6 4. c3 d5 5. exd5 cxd5 6. Be2 Nc6 7. 0-0 Nh6 8. Re1 0-0 9. Bf4 f6 10. c4 Nf7 11. cxd5 Qxd5 12. Nc3 Qd8 13. d5 Nce5 14. Bxe5 Nxe5 15. Nxe5 fxe5 16. Qb3 Qb6 17. Qxb6 axb6 18. Bf3 Bf5 19. Be4 Rfd8 20. Rad1 Kf7 21. a3 Rac8 22. h3 e6 23. dxe6+ Kxe6 24. Bxb7 Rb8 25. Bd5+ Ke7 26. f4 Rbc8 27. fxe5 Be6 28. Bxe6 Kxe6 29. Rxd8 Rxd8 30. Ne4 Bxe5 31. Ng5+ Kf6 32. Nxh7+ Ke6 33. Ng5+ Kf6 34. Ne4+ Ke6 35. Re2 Rd1+ 36. Kf2 Kf5 37. Ng3+ Kf6 38. Ne4+ Kf5 39. Kf3 Rd3+ 40. Re3 Rxe3+ 41. Kxe3 Bxb2 42. a4 Ke5 43. g4 Kd5 44. Kd3 Bd4 45. h4 Ke5 46. h5 gxh5 47. gxh5 Kd5 48. h6 Be5 49. h7 Bh8 50. Ng5 Kc5 51. Nf7 Bg7 52. Ke4 Kb4 53. Kf5 Kxa4 54. Kg6 Bd4 55. Kf5 Bg7 56. Kg6 Bd4 57. Ng5 b5 58. Kf7 b4 59. Ne6 Bh8 60. Kg8 Bf6 61. Ng7 b3 62. h8Q b2 63. Qh7 Bxg7 64. Kxg7 Kb3 65. Qb1 1-0

[Event "EU-ch U18"]
[Site "Prague"]
[Date "2024.08.24"]
[Round "3"]
[White "Gonzalez Castillo, Jose Javier"]
[Black "Serrano Almendros, Angel"]
[Result "1/2-1/2"]
[WhiteElo "2196"]
[BlackElo "2310"]
[PlyCount "137"]
[EventDate "2024.08.22"]
[EventType "swiss"]
[EventRounds "9"]
[EventCountry "CZE"]
[SourceTitle "CBM 221 Extra"]
[Source "ChessBase"]
[SourceDate "2024.09.30"]
[SourceVersion "1"]
[SourceVersionDate "2024.09.30"]
[SourceQuality "1"]

1. e4 e6 2. d4 d5 3. Nc3 h6 4. Bd3 Nc6 5. Be3 Nb4 6. Be2 dxe4 7. Nxe4 Nf6 8. Nxf6+ Qxf6 9. a3 Nd5 10. Nf3 Nxe3 11. fxe3 Bd6 12. 0-0 Qe7 13. c4 c6 14. b4 e5 15. c5 Bc7 16. Nxe5 Bxe5 17. dxe5 0-0 18. Bc4 Qxe5 19. Qd4 Qe7 20. Qd6 Qxd6 21. cxd6 Be6 22. Bxe6 fxe6 23. e4 e5 24. Rac1 Rad8 25. Rc5 Rfe8 26. Rf5 Rxd6 27. Rcxe5 Rd1+ 28. Kf2 Rd2+ 29. Kg1 Rxe5 30. Rxe5 Kf7 31. Rf5+ Ke7 32. Re5+ Kf6 33. Rf5+ Ke6 34. Rf8 Ra2 35. Rb8 b5 36. Re8+ Kf7 37. Rc8 Rxa3 38. Rxc6 Ra4 39. e5 Rxb4 40. Rc7+ Kg6 41. Rxa7 Re4 42. Ra6+ Kf5 43. Ra7 g6 44. Rb7 Rxe5 45. Kf2 h5 46. h4 g5 47. hxg5 Kxg5 48. Kf3 Kf5 49. Rb6 Rc5 50. Ke3 Kg4 51. Rg6+ Rg5 52. Rc6 Kg3 53. Rc2 h4 54. Rb2 Rg4 55. Rxb5 Kxg2 56. Rb2+ Kg3 57. Rb1 Kh2 58. Kf3 Rg3+ 59. Kf4 h3 60. Rb2+ Rg2 61. Rb3 Rg8 62. Rb2+ Kh1 63. Kf3 h2 64. Rb1+ Rg1 65. Rb2 Ra1 66. Kg3 Ra3+ 67. Kf2 Ra1 68. Kg3 Kg1 69. Rg2+ 1/2-1/2

[Event "ESP-ch Rapid"]
[Site "Mengibar"]
[Date "2024.08.17"]
[Round "1"]
[White "Pichot, Alan"]
[Black "Gonzalez Castillo, Jose Javier"]
[Result "1-0"]
[WhiteElo "2638"]
[BlackElo "2196"]
[PlyCount "74"]
[EventDate "2024.08.17"]
[EventType "swiss (rapid)"]
[EventRounds "10"]
[EventCountry "ESP"]
[SourceTitle "CBM 221 Extra"]
[Source "ChessBase"]
[SourceDate "2024.09.30"]
[SourceVersion "1"]
[SourceVersionDate "2024.09.30"]
[SourceQuality "1"]

1. e4 c6 2. d4 d5 3. e5 Bf5 4. h4 h5 5. c4 e6 6. Nc3 dxc4 7. Bxc4 Nd7 8. Nge2 Nh6 9. Ng3 Bg4 10. f3 Nb6 11. Bb3 Bf5 12. Bxh6 Rxh6 13. Nxf5 exf5 14. Qd3 c5 15. 0-0-0 Qc7 16. Qxf5 cxd4 17. Rxd4 Bc5 18. Nb5 Qe7 19. Nd6+ Bxd6 20. exd6 Qf6 21. d7+ Kd8 22. Qd3 Kc7 23. Kb1 Rd8 24. Rc1+ Kb8 25. a4 Qg6 26. a5 Rxd7 27. Qxg6 Rxg6 28. Re4 Nc8 29. Re8 Rc7 30. Bxf7 Rxc1+ 31. Kxc1 Rc6+ 32. Kd1 Kc7 33. Bxh5 Rc5 34. Bg4 Nd6 35. Re7+ Kc6 36. Rxg7 Rxa5 37. h5 Kd5 1-0